00255nam a2200109Ia 4500008004100000082001600041082000800057245003500065245001800100260001800118300000900136231017s9999 xx 000 0 und d a388.4091724 bSCH 4aThe 2005 Urban Mobility Report 0cDavid Schrank bDavid Schrank c30cm